000 00636nam a2200217 4500
003 OSt
005 20240726053312.0
006 a
008 240726b |||||||| |||| 00| 0 eng d
020 _a9780470710227
040 _aDWCL-Main lib.
_cOC
082 _aCirc. 005.54 R463e 2010
100 _aReynolds, Deanna
245 _aExcel 2010-no problem! /
260 _aUK :
_bJohn Wiley & Sons, Ltd. ,
_cc2010.
300 _axix,
_b316 p. : ill. ;
_c24 cm.
504 _aIncludes index.
650 _a1. Microsoft Excel ( Computer file).
650 _a2. Electronic Spreadsheets-computer program.
942 _2ddc
_n0
_cBK-CIRC
_kCirc.
999 _c2800
_d2800